Yeter ki kararmasın/ (Record no. 12702)

MARC details
000 -BAŞLIK
Sabit Uzunlukta Kontrol Alanı 00640nam a22002057a 4500
999 ## - SİSTEM KONTROL NUMARALARI (KOHA)
Koha Biblionumber 12702
Koha Biblioitemnumber 12702
003 - KONTROL NUMARASI IDENTIFIER
Denetim Alanı MIRAKIL
005 - SON İŞLEM TARİHİ VE ZAMANI
Denetim Alanı 20190206154305.0
008 - SABİT-BOY VERİ ELEMANLARI - GENEL BİLGİLER
Sabit Uzunlukta Kontrol Alanı 190206b tu ||||| |||| 00| 0 tur d
020 ## - ULUSLARARASI STANDART KİTAP NUMARASI
Uluslararası Standart Kitap Numarası 97545845583
040 ## - KATALOGLAMA KAYNAK
Orijinal Kataloglama Ajansı TR-AnCHP
Metne Dönüştürmek Ajansı TR-AnCHP
041 ## - DİL KODU
Metin / Ses Parça Veya Ayrı Başlığın Dil Kodu tur
082 ## - DEWEY ONLU SINIFLANDIRMA NUMARASI
Sınıflandırma Numarası 814.42
Ürün Numarası K87y 2003
100 ## - ANA GİRİŞ - KİŞİSEL İSİM
Kişisel Ad Kutlar, Onat
245 10 - BAŞLIK TABLOSU
Başlık Yeter ki kararmasın/
Sorumluluk Tablosu, Vb Onat Kutlar.
260 ## - YAYIN, DAĞITIM, VB
Yayın, Dağıtım, Vb Yeri İstanbul:
Yayıncı, Dağıtıcı, Vs Adı Türkiye İş Bankası Kültür Yayınları,
Yayın, Dağıtım, Vb Tarihi 2003.
300 ## - FİZİKSEL TANIM
Kapsam 106 s.
Boyutlar 19 sm.
490 0# - SERİSİ TABLOSU
Seri Beyanı Türkiye İş Bankası Kültür Yayınları;
-- Edebiyat dizisi;
Hacim / Ardışık Tanımı genel yayın:695
-- 284.
650 #0 - KONU KATMA GİRİŞ - TOPİKAL DÖNEM
9 (RLIN) 19
Topikal Süreli Veya Coğrafi Ad Giriş Elemanı Türk edebiyatı
Genel Alt Bölümü Deneme
942 ## - EKLENDİ GİRİŞ ELEMANLARI (KOHA)
Sınıflandırma Veya Raf Düzeni Kaynak Dewey Decimal Classification
Koha Öğesi Türü Books
Holdings
Kalıcı Konum Mevcut Konum Edinme Tarihi Edinim Kaynak Toplam Check-Out'Lar Tam Çağrı Numarası Barkod Tarih Son Görülme İtibaren Geçerli Fiyatlar Sigara Kamu Notu Koha Öğesi Türü
CHP Kütüphanesi CHP Kütüphanesi 02/06/2019 Bağış   814.42 K87y 2003 018811 02/06/2019 02/06/2019 Kemal Kılıçdaroğlu bağışıdır. Books